Top Pop Song From Each Year From 1946-2021 - Statistics

General Stats
  • This quiz has been taken 31 times
  • The average score is 23 of 79
Answer Stats
Year Artist Name of Song % Correct
2014 Pharrell Williams Happy
71%
1983 The Police Every Breath You Take
61%
1999 Cher Believe
57%
1985 Wham! Careless Whisper
57%
2015 Mark Ronson ft. Bruno Mars Uptown Funk
57%
1970 Simon & Garfunkel Bridge Over Troubled Water
54%
1993 Whitney Houston I Will Always Love You
54%
1979 The Knack My Sharona
54%
2019 Lil Nas X ft. Billy Ray Cyrus Old Town Road
50%
1982 Olivia Newton-John Physical
50%
2017 Ed Sheeran Shape of You
50%
2012 Gotye ft. Kimbra Somebody That I Used to Know
50%
2020 The Weeknd Blinding Lights
46%
1966 The Mamas and the Papas California Dreamin'
46%
1995 Coolio ft. LV Gangsta's Paradise
46%
1968 The Beatles Hey Jude
46%
2010 Kesha Tik Tok
46%
1987 The Bangles Walk Like An Egyptian
46%
1981 Kim Carnes Betty Davis Eyes
43%
2011 Adele Rolling in the Deep
43%
1969 The Archies Sugar Sugar
43%
1984 Prince When Doves Cry
43%
1980 Blondie Call Me
39%
1988 George Michael Faith
39%
2018 Drake God's Plan
39%
1991 Bryan Adams (Everything I Do) I Do It for You
36%
1971 Three Dog Night Joy to the World
36%
2021 Dua Lipa Levitating
36%
1963 The Beach Boys Surfin' USA
36%
1986 Dionne & Friends That's What Friends Are For
36%
2013 Macklemore & Ryan Lewis ft. Wanz Thrift Shop
36%
2006 Daniel Powter Bad Day
32%
1990 Wilson Phillips Hold On
32%
2002 Nickelback How You Remind Me
32%
2016 Justin Bieber Love Yourself
32%
2008 Flo Rida ft. T-Pain Low
32%
2004 Usher ft. Lil Jon and Ludacris Yeah!
32%
2003 50 Cent In Da Club
29%
1975 Captain & Tennille Love Will Keep Us Together
29%
1962 Mr. Acker Bilk Stranger on the Shore
29%
1994 Ace of Base The Sign
29%
1967 Lulu To Sir with Love
29%
1956 Elvis Presley Heartbreak Hotel
25%
1964 The Beatles I Want to Hold Your Hand
25%
1978 Andy Gibb Shadow Dancing
25%
1997 Elton John Candle in the Wind 1997
21%
1992 Boyz II Men End of the Road
21%
1976 Wings Silly Love Songs
21%
1965 Sam the Sham & the Pharaohs Wooly Bully
21%
2001 Lifehouse Hanging by a Moment
18%
1966 SSgt. Barry Sadler The Ballad of the Green Berets
18%
1960 Percy Faith Theme from A Summer Place
18%
1957 Elvis Presley All Shook Up
14%
2009 The Black Eyed Peas Boom Boom Pow
14%
2000 Faith Hill Breathe
14%
1950 Gordon Jenkins and The Weavers Goodnight, Irene
14%
1963 Jimmy Gilmer and the Fireballs Sugar Shack
14%
1951 Nat King Cole Too Young
14%
1952 Leroy Anderson Blue Tango
11%
2007 Beyonce Irreplaceable
11%
1954 Kitty Kallen Little Things Mean a Lot
11%
1989 Chicago Look Away
11%
1947 Francis Craig Near You
11%
1946 Perry Como Prisoner of Love
11%
1949 Vaughn Monroe Orchestra Riders in the Sky
11%
1953 Percy Faith Song from Moulin Rouge
11%
1959 Johnny Horton The Battle of New Orleans
11%
1961 Bobby Lewis Tossin' and Turnin'
11%
1948 Pee Wee Hunt Twelfth Street Rag
11%
2005 Mariah Carey We Belong Together
11%
1955 Perez Prado Cherry Pink and Apple Blossom White
7%
1996 Los del Rio Macarena (Bayside Boys Mix)
7%
1997 Elton John Something About the Way You Look Tonight
7%
1973 Tony Orlando and Dawn Tie a Yellow Ribbon 'Round the Ole Oak Tree
7%
1977 Rod Stewart Tonight's the Night (Gonna Be Alright)
7%
1998 Next Too Close
7%
1958 Domenico Modugno Nel Blu Dipinto di Blu
4%
1972 Roberta Flack The First Time I Saw Your Face
0%
1974 Barbra Streisand The Way We Are
0%
No matching quizzes found
Score Distribution
Percent of People with Each Score
Percentile by Number Answered
Your Score History
You have not taken this quiz